000 00806cam a2200277 a 4500
001 3821967
003 NUST
005 20211207123515.0
008 860731s1984 pk c 000 0 eng
010 _a 85931220
020 _cRs60.00
038 _awaseem
040 _aDLC
_cDLC
_dDLC
043 _aa-ii---
050 0 0 _aLAW
082 0 0 _a345.4
_bAHM
245 0 0 _aQuaid-i-Azam Jinnah as magistrate /
_c[compiled by] Riaz Ahmad.
260 _aRawalpindi, Pakistan :
_bAlvi Publishers,
_cc1984.
300 _a147 p. :
_bport. ;
_c23 cm.
563 _aPBK.
600 1 0 _aJinnah, Mahomed Ali,
_d1876-1948.
_985903
650 0 _aLaw reports, digests, etc.
_zIndia
_zBombay (State)
_985901
700 1 _aAhmad, Riaz.
_985904
906 _a7
_bcbc
_corignew
_d3
_encip
_f19
_gy-gencatlg
942 _2ddc
_cBK
999 _c587166
_d587166